[Event "Bretagne-ch U16"]
[Site "Sarzeau"]
[Date "2006.02.24"]
[Round "6"]
[White "Burel, Gwenaelle"]
[Black "Geslin, Thomas"]
[Result "1-0"]
[WhiteElo "1740"]
[BlackElo "1380"]
[PlyCount "149"]
[EventDate "2006.02.21"]
[EventType "swiss"]
[EventRounds "6"]
[EventCountry "FRA"]
[SourceTitle "EXT 2007"]
[Source "ChessBase"]
[SourceDate "2006.11.23"]
[SourceVersion "1"]
[SourceVersionDate "2006.11.23"]
[SourceQuality "1"]

1. e4 c6 2. d4 d5 3. Nc3 dxe4 4. Nxe4 Bf5 5. Ng3 Be6 6. Nf3 g6 7. Bf4 Bg7 8. c3 Nd7 9. Be2 Ngf6 10. 0-0 0-0 11. Re1 Nd5 12. Be5 f6 13. c4 fxe5 14. cxd5 cxd5 15. Ng5 Bf7 16. Bg4 Qb6 17. Bxd7 e4 18. Rf1 Bxd4 19. Rb1 Be8 20. Bxe8 Raxe8 21. Kh1 e6 22. f3 Be3 23. Nh3 exf3 24. Rxf3 Rxf3 25. Qxf3 Rf8 26. Qe2 Rd8 27. Nf1 Bh6 28. Re1 Rd6 29. g4 d4 30. g5 Bg7 31. Nf4 e5 32. Nd3 Re6 33. Nd2 Qc6+ 34. Kg1 a5 35. Rc1 Qe8 36. Nc5 Re7 37. Qe4 Qc6 38. Qxc6 bxc6 39. Nce4 Rc7 40. Rc5 h6 41. h4 Bf8 42. Rxe5 h5 43. Rxa5 c5 44. Nc4 Rf7 45. Nf6+ Kg7 46. Ne5 Re7 47. Rxc5 Ra7 48. Rd5 Kh8 49. Nxg6+ Kg7 50. Nxf8 Kxf8 51. Rd8+ Ke7 52. Rd7+ Rxd7 53. Nxd7 Kxd7 54. Kf1 Ke6 55. Ke2 Ke5 56. g6 Kf6 57. Kd3 Kxg6 58. Kxd4 Kf7 59. a4 Ke7 60. b4 Kd6 61. a5 Kc7 62. Kc5 Kb7 63. b5 Ka7 64. b6+ Kb7 65. a6+ Kb8 66. Kc6 Ka8 67. b7+ Kb8 68. a7+ Kxa7 69. Kc7 Ka6 70. b8Q Ka5 71. Kc6 Ka4 72. Kc5 Ka3 73. Kc4 Ka2 74. Kc3 Ka3 75. Qb3# 1-0